[Event "Match"]
[Site "www.echecsemail.com"]
[Date "2017.02.08"]
[Round "1"]
[White "Yoj"]
[Black "Hundegana"]
[WhiteElo "1809"]
[BlackElo "2020"]
[Result "0-1"]
[Round "1"]
1.Ng1f3 f5
2.Nb1c3 g6
3.d4 Bf8g7
4.g3 d6
5.e4 c6
6.exf5 Bc8xf5
7.Bc1d2 Ng8f6
8.Bf1g2 O-O
9.O-O a6
10.Ra1c1 Nb8d7
11.Nf3g5 h6
12.Ng5f3 Kh7
13.Nf3h4 Bf5e6
14.b3 Be6f7
15.Bd2e3 d5
16.Nc3e2 Nf6g4
17.Be3d2 b6
18.Bg2f3 Ng4f6
19.Ne2c3 Rf8e8
20.Bf3g2 e6
21.Nc3e2 Ra8a7
22.c4 Ra7c7
 { time }
0-1

[Event "Match"]
[Site "www.echecsemail.com"]
[Date "2017.02.08"]
[Round "1"]
[White "Albertf"]
[Black "Caspito"]
[WhiteElo "1770"]
[BlackElo "1870"]
[Result "0-1"]
[Round "1"]
1.d4 g6
2.c4 Bf8g7
3.e3 Ng8f6
4.Nb1c3 e6
5.Ng1f3 c6
6.Bf1d3 b6
7.O-O O-O
8.Qd1c2 d5
9.b3 Qd8d6
10.e4 dxe4
11.Nc3xe4 Nf6xe4
12.Bd3xe4 Nb8d7
13.Bc1b2 Nd7f6
14.Nf3e5 Bc8b7
15.Ra1d1 Nf6h5
16.Qc2c1 Ra8b8
17.Bb2a3 c5
18.Be4xb7 Rb8xb7
19.Ne5f3 Qd6c7
20.dxc5 bxc5
21.Rd1d3 Nh5f4
22.Rd3d1 Nf4e2
{ resign }
0-1

[Event "Match"]
[Site "www.echecsemail.com"]
[Date "2017.02.08"]
[Round "1"]
[White "Billyg"]
[Black "Coraza"]
[WhiteElo "1680"]
[BlackElo "1790"]
[Result "1-0"]
[Round "1"]
1.e4 e5
2.Ng1f3 Nb8c6
3.Bf1b5 Nc6d4
4.Nf3xd4 exd4
5.O-O c6
6.Bb5a4 d5
7.Rf1e1 b5
8.Ba4b3 dxe4
9.Re1xe4 Bf8e7
10.Qd1f3 Ng8f6
11.Re4e2 O-O
12.Qf3xc6 Ra8b8
13.Qc6f3 Bc8g4
14.Qf3d3 Bg4xe2
15.Qd3xe2 a6
16.d3 a5
17.a4 b4
18.Nb1d2 Rf8e8
19.Qe2f3 Be7c5
20.Nd2e4 Qd8c7
21.Bc1f4 Qc7c8
22.Bf4xb8 Re8d8
23.Ne4xf6 gxf6
24.Bb8f4 Rd8d7
25.Qf3g4 Kf8
26.Bf4h6 Ke8
27.Qg4g8 { resign }
1-0

[Event "Match"]
[Site "www.echecsemail.com"]
[Date "2017.02.08"]
[Round "1"]
[White "Pdebonis"]
[Black "Liencam2"]
[WhiteElo "1759"]
[BlackElo "2350"]
[Result "1-0"]
[Round "1"]
1.d4 Ng8f6
2.Bc1g5 c5
3.Bg5xf6 gxf6
4.d5 Qd8b6
5.Qd1c1 f5
6.c4 Bf8g7
7.Nb1c3 d6
8.Ng1f3 Nb8a6
9.e3 Bc8d7
10.a3 e6
11.Bf1d3 O-O-O
12.O-O e5
13.Nf3d2 f4
14.exf4 exf4
15.Nd2f3 Bg7e5
16.Kh1 Rd8g8
17.Ra1b1 Bd7g4
18.Nf3xe5 dxe5
19.b4 cxb4
20.c5 Na6xc5
21.Nc3a4 Qb6f6
22.Qc1xc5 Kb8
23.d6 Qf6h4
24.Qc5c7 Ka8
25.Rb1xb4 Bg4c8
26.Na4b6 { resign }
1-0

[Event "Match"]
[Site "www.echecsemail.com"]
[Date "2017.02.08"]
[Round "1"]
[White "Pdebonis"]
[Black "Comrade"]
[WhiteElo "2209"]
[BlackElo "2300"]
[Result "1-0"]
[Round "1"]
1.e4 c5
2.Ng1f3 Nb8c6
3.d4 cxd4
4.Nf3xd4 Ng8f6
5.Nb1c3 e6
6.a3 Bf8c5
7.Nd4xc6 bxc6
8.e5 Nf6d5
9.Nc3e4 Bc5e7
10.c4 Nd5c7
11.Qd1h5 O-O
12.Bf1d3 f5
13.exf6 Be7xf6
14.Ne4xf6 Qd8xf6
15.Bd3xh7 Kh8
16.Bh7g6 Kg8
17.Qh5h7 { resign }
1-0

[Event "Match"]
[Site "www.echecsemail.com"]
[Date "2017.02.08"]
[Round "1"]
[White "Yoj"]
[Black "Manuelito"]
[WhiteElo "1809"]
[BlackElo "1670"]
[Result "0-1"]
[Round "1"]
1.e4 e5
2.Ng1f3 Nb8c6
3.Bf1b5 d6
4.d4 exd4
5.Nf3xd4 Bc8d7
6.Nd4xc6 bxc6
7.Bb5a6 Ng8f6
8.O-O Bf8e7
9.Nb1c3 O-O
10.Bc1e3 Rf8e8
11.Qd1d3 Bd7e6
12.Ba6b7 Ra8b8
13.Bb7xc6 Be6d7
14.Bc6xd7 Nf6xd7
15.Be3xa7 Rb8b7
16.Ba7d4 Rb7xb2
17.Nc3d5 Rb2b8
18.Qd3g3 g6
 { time }
0-1

[Event "Match"]
[Site "www.echecsemail.com"]
[Date "2017.02.08"]
[Round "1"]
[White "Joseph1983"]
[Black "Yoj"]
[WhiteElo "2230"]
[BlackElo "2150"]
[Result "1-0"]
[Round "1"]
1.d4 c5
2.d5 Ng8f6
3.c4 e6
4.Nb1c3 exd5
5.cxd5 Bf8d6
6.e4 Bd6e5
7.Ng1e2 Qd8a5
8.Bc1d2 Qa5b4
9.Qd1c2 Nf6g4
10.f4 Be5d4
11.Nc3d1 Qb4b6
12.Ne2xd4 O-O
13.Nd4b3 a6
14.Qc2xc5 Qb6h6
15.g3 Ng4xh2
16.Bf1g2  { time }
1-0

[Event "1/32 Finale"]
[Site "www.chess-mail.com"]
[Date "2017.02.08"]
[Round "1"]
[White "Drawlward"]
[Black "Sachpat"]
[WhiteElo "2520"]
[BlackElo "2540"]
[Result "1/2-1/2"]
[Round "1"]
1.e4 c5
2.Nb1c3 Nb8c6
3.Bf1b5 Nc6d4
4.Bb5c4 e6
5.Ng1e2 Nd4xe2
6.Bc4xe2 Ng8e7
7.d4 cxd4
8.Qd1xd4 Ne7c6
9.Qd4d3 Bf8e7
10.Bc1e3 a6
11.f4 b5
12.Be2f3 d6
13.O-O-O Bc8b7
14.g4 Qd8c7
15.h4 Ra8c8
16.g5 Nc6a5
17.Be3d4 Na5c4
18.Nc3d5 exd5
19.exd5 O-O
20.Bf3e4 Nc4e5
21.fxe5 dxe5
22.Bd4f2 Kh8
23.Bf2g3 f6
24.gxf6 gxf6
25.Rh1g1 Rc8d8
26.h5 Bb7c8
27.h6 f5
28.d6 Be7g5
29.Kb1 Qc7c5
30.Qd3d5 Qc5xd5
31.Be4xd5 f4
32.Bg3e1 Bg5xh6
33.Be1a5 Rd8xd6
34.Ba5c7 Rd6xd5
35.Rd1xd5 Bh6g7
36.Bc7xe5 Bg7xe5
37.Rd5xe5 f3
38.Rg1f1 Bc8h3
39.Rf1f2 { draw }
1/2-1/2

[Event "Fast Game"]
[Site "www.echecsemail.com"]
[Date "2017.02.08"]
[Round "1"]
[White "Bitcoin"]
[Black "Traub"]
[WhiteElo "1599"]
[BlackElo "1789"]
[Result "1-0"]
[Round "1"]
1.e4 e5
2.Ng1f3 Nb8c6
3.Bf1b5 a6
4.Bb5a4 Ng8f6
5.O-O b5
6.Ba4b3 Bf8c5
7.c3 O-O
8.d4 exd4
9.cxd4 Nc6xd4
10.Nf3xd4 Nf6xe4
11.Bb3d5 Ne4xf2
12.Rf1xf2 c6
13.Bd5f3 Qd8f6
14.Bc1e3  { time }
1-0

[Event "Fast Game"]
[Site "www.echecsemail.com"]
[Date "2017.02.08"]
[Round "1"]
[White "Mihaiiorga"]
[Black "Omaciej"]
[WhiteElo "1599"]
[BlackElo "1599"]
[Result "1-0"]
[Round "1"]
1.b3 e5
2.Bc1b2 Nb8c6
3.e3 d5
4.Bf1b5 Bf8d6
5.Ng1f3 Ng8f6
6.Nf3xe5 Bd6xe5
{ time. }
1-0

[Event "Tourn. n9210"]
[Site "www.chess-mail.com"]
[Date "2017.02.09"]
[Round "1"]
[White "Mancini"]
[Black "Norlavuaram"]
[WhiteElo "2069"]
[BlackElo "2130"]
[Result "1-0"]
[Round "1"]
1.d4 Ng8f6
2.Ng1f3 g6
3.c4 Bf8g7
4.Nb1c3 O-O
5.e4 d6
6.Bf1e2 e5
7.d5 Bc8g4
8.Bc1g5 Nb8d7
9.h3 Bg4xf3
10.Be2xf3 h6
11.Bg5e3 Kh7
12.Bf3e2 Nf6g8
13.Qd1d2 f5
14.exf5 gxf5
15.f3 Ng8f6
16.O-O-O Nf6h5
17.g4 Nh5g3
18.Rh1g1 Ng3xe2
19.Qd2xe2 f4
20.Qe2c2 Kh8
21.Be3f2 a6
22.g5 hxg5
23.h4 gxh4
24.Bf2xh4 Qd8e8
25.Rg1h1 Kg8
26.Rd1g1 Nd7f6
27.Bh4xf6 Rf8xf6
28.Qc2h7 { resign }
1-0

[Event "Tourn. n9178"]
[Site "www.chess-mail.com"]
[Date "2017.02.09"]
[Round "1"]
[White "Lucaschess"]
[Black "Cal"]
[WhiteElo "1499"]
[BlackElo "1530"]
[Result "1-0"]
[Round "1"]
1.e4 e5
2.Ng1f3 d6
3.Bf1c4 h6
4.O-O Ng8f6
5.Rf1e1 a6
6.d4 b5
7.dxe5 dxe5
8.Qd1xd8 Kxd8
9.Nf3xe5 Bc8e6
10.Bc4xe6 Ke7
11.Be6xf7 g5
12.Nb1c3 Bf8g7
13.Nc3d5 Nf6xd5
14.Bf7xd5 Ra8a7
15.Ne5c6 Kf6
16.Nc6xa7 Kg6
17.Na7c6 Nb8d7
18.e5 Rh8e8
19.e6 Bg7f8
20.Bc1d2 Nd7f6
21.c4 bxc4
22.Bd5xc4 Bf8d6
23.Bc4xa6 Nf6d5
24.Ba6c4 Nd5b6
25.Bc4d3 Kh5
26.h3 Nb6d5
27.Nc6d4 Bd6c5
28.Nd4f5 Nd5f6
29.g3 Nf6d5
30.Nf5g7 
1-0

[Event "Tourn. n9181"]
[Site "www.chess-mail.com"]
[Date "2017.02.09"]
[Round "1"]
[White "Caspito"]
[Black "Picifarkinca"]
[WhiteElo "1860"]
[BlackElo "1730"]
[Result "1-0"]
[Round "1"]
1.e4 e5
2.Ng1f3 Nb8c6
3.Bf1c4 Ng8f6
4.d3 Bf8c5
5.Bc1g5 d6
6.c3 Bc8e6
7.Bc4xe6 fxe6
8.Qd1b3 Bc5b6
9.Qb3xe6 Qd8e7
10.Qe6xe7 Nc6xe7
11.O-O O-O
12.b4 c6
13.Nb1d2 Ne7g6
14.Nf3h4 Ng6xh4
15.Bg5xh4 Ra8e8
16.Nd2c4 Bb6c7
17.a4 a6
18.Nc4e3 g6
19.c4 Nf6d7
20.Bh4g5 Bc7d8
21.Bg5xd8 Re8xd8
22.Ne3g4 Nd7f6
23.Ng4xf6 Rf8xf6
24.b5 Rf6f7
25.bxc6 bxc6
26.Ra1b1 Rf7f8
27.Rb1b6 Rd8a8
28.Rb6xc6 Rf8d8
29.Rf1b1 { resign }
1-0

[Event "Tourn. n9204"]
[Site "www.chess-mail.com"]
[Date "2017.02.09"]
[Round "1"]
[White "Liencam2"]
[Black "Greghghs"]
[WhiteElo "2360"]
[BlackElo "2430"]
[Result "0-1"]
[Round "1"]
1.e4 c6
2.d4 d5
3.f3 dxe4
4.Nb1c3 exf3
5.Ng1xf3 Bc8f5
6.Bf1c4 e6
7.O-O Ng8f6
8.Bc1g5 Bf8e7
9.Nf3e5 O-O
10.Nc3e2 Nb8d7
11.Ne5xd7 Nf6xd7
12.Bg5e3 c5
13.c3 Qd8c7
14.Ne2g3 Bf5g6
15.Qd1d2 cxd4
16.Qd2xd4 Be7c5
17.Qd4f4 Qc7xf4
{ resign }
0-1

[Event "Tourn. n9222"]
[Site "www.chess-mail.com"]
[Date "2017.02.09"]
[Round "1"]
[White "Arbiflex"]
[Black "Bojan"]
[WhiteElo "2299"]
[BlackElo "2070"]
[Result "1-0"]
[Round "1"]
1.a3 e5
2.h3 d5
3.c4 d4
4.d3 c5
5.Ng1f3 f6
6.e4 Bf8d6
7.Bf1e2 Qd8e7
8.O-O Qe7f7
9.Nb1d2 b6
10.Nf3h4 Nb8c6
11.Nh4f5 Qf7f8
12.Be2g4 Bd6c7
13.Nf5h4 Ng8h6
14.Nh4f5 Nh6xg4
15.hxg4 g6
16.Nf5g3 Bc8e6
17.Nd2b3 Bc7d8
18.a4 a5
19.Bc1d2 Be6f7
20.f4 exf4
21.Bd2xf4 Bf7e6
22.Nb3d2 Qf8g7
23.Ng3h1 Ra8a7
24.Nh1f2 h5
25.gxh5 Rh8xh5
26.Rf1e1 Qg7h8
27.Nd2f3 g5
28.Bf4g3 Kd7
29.Nf3h2 Kc8
30.Nh2f1 Ra7h7
31.Qd1e2 Rh7f7
32.Bg3d6 Nc6e5
33.Nf1g3 Rh5h4
34.Ng3f5 Rh4h7
35.Bd6xe5 fxe5
36.Nf5d6 Kd7
37.Nd6xf7 Rh7xf7
38.g4 Qh8h4
39.Kg2 Qh4h6
40.Re1h1 Qh6f8
41.Rh1h3 Bd8f6
42.Nf2h1 Bf6g7
43.Nh1g3 Rf7f4
44.Ng3f5 Bg7f6
45.Ra1f1 Rf4xf1
46.Qe2xf1 Be6g8
47.Qf1h1 Ke6
48.Rh3f3 Bg8f7
49.Qh1h6 Qf8xh6
50.Nf5xh6 Ke7
51.Nh6f5 Ke6
52.Rf3h3 Bf7g6
53.Rh3f3 Bf6e7
54.Nf5xe7 Kxe7
55.Rf3f5 Bg6e8
56.Rf5xg5 Be8xa4
57.Rg5xe5 Kf6
58.Re5f5 Kg6
59.Kg3 Ba4c2
60.Rf5f3 Bc2d1
61.e5 Bd1e2
62.Rf3f6 Kg5
63.Rf6f5 Kg6
64.e6 { resign }
1-0

[Event "Tourn. n9200"]
[Site "www.chess-mail.com"]
[Date "2017.02.09"]
[Round "1"]
[White "Caspito"]
[Black "Nulladies"]
[WhiteElo "1860"]
[BlackElo "1740"]
[Result "1-0"]
[Round "1"]
1.e4 c5
2.Bf1c4 g6
3.Qd1f3 e6
4.Ng1h3 Nb8c6
5.c3 Qd8f6
6.Qf3xf6 Ng8xf6
7.d3 d5
8.exd5 exd5
9.Bc4b5 Bc8d7
10.Nh3f4 a6
11.Bb5a4 Bf8g7
12.O-O b5
13.Ba4b3 c4
14.dxc4 dxc4
15.Rf1e1 Kd8
16.Bb3c2 Kc7
17.Nb1d2 Rh8e8
18.Nd2f3 Bd7g4
19.Bc1e3 Bg4xf3
20.gxf3 g5
21.Nf4g2 h6
22.Bc2f5 Ra8d8
23.b3 b4
24.Ra1c1 Rd8d5
25.Bf5h3 Nc6e5
26.Kf1 Ne5d3
27.bxc4 Rd5d6
28.cxb4 Nd3xe1
29.Ng2xe1 Nf6h5
30.c5 Rd6c6
31.Rc1d1 Re8d8
32.Ke2 Bg7c3
33.a3 Rd8e8
34.Kf1 Rc6f6
35.Rd1d7 Kc6
36.Rd7a7 Rf6xf3
37.Ne1xf3 Nh5f4
38.Bh3d7 { resign }
1-0

[Event "Match"]
[Site "www.echecsemail.com"]
[Date "2017.02.09"]
[Round "1"]
[White "Fangshuo"]
[Black "Sonfamen"]
[WhiteElo "2000"]
[BlackElo "1809"]
[Result "1-0"]
[Round "1"]
1.e4 c5
2.Ng1f3 e6
3.Bf1e2 Nb8c6
4.O-O Ng8f6
5.d3 Qd8c7
6.b3 d5
7.exd5 exd5
8.Nb1c3 a6
9.Rf1e1 Bc8e6
10.Nf3g5 Nc6e5
11.Ng5xe6 fxe6
12.f4 Ne5c6
13.f5 e5
14.Be2h5 Kd7
15.Bc1g5 Bf8d6
16.Bg5xf6 gxf6
17.Nc3xd5 Qc7d8
18.Bh5f7 Nc6d4
19.c3 Nd4xf5
20.Qd1g4 Kc6
21.Qg4xf5 Ra8a7
22.Nd5xf6 b5
23.Qf5e4 Kc7
24.Nf6d5 Kb8
25.Bf7h5 Rh8g8
26.b4 Ra7g7
27.Bh5f3 cxb4
28.Nd5xb4 Qd8b6
29.Kh1 Kc7
30.Nb4d5 { resign }
1-0

[Event "Match"]
[Site "www.echecsemail.com"]
[Date "2017.02.09"]
[Round "1"]
[White "Sonfamen"]
[Black "Guidom"]
[WhiteElo "1809"]
[BlackElo "2070"]
[Result "0-1"]
[Round "1"]
1.e4 e5
2.Ng1f3 Nb8c6
3.Bf1c4 d6
4.O-O Bf8e7
5.c3 Bc8g4
6.h3 Bg4h5
7.d4 Ng8f6
8.Bc1e3 Nf6xe4
9.g4 Bh5g6
10.dxe5 Nc6xe5
11.Nb1d2 Ne4xd2
12.Nf3xd2 Ne5xc4
13.Nd2xc4 O-O
14.Nc4a5 Qd8c8
15.Na5c4 Bg6e4
16.f3 Be4c6
17.a4 Be7h4
18.b4 a6
19.Be3d4 f5
20.Nc4e3 fxg4
21.hxg4 h5
22.Ne3f5 Qc8d8
23.Nf5xg7 hxg4
24.Ng7e6 Qd8d7
25.Ne6xf8 Ra8xf8
26.Qd1b3 d5
27.c4 gxf3
28.Kh2 Qd7d6
29.Kh1 f2
30.Rf1g1 Kf7
31.Qb3f3 Bh4f6
32.Rg1g7 Kxg7
33.Qf3g4 Kf7
34.Qg4h5 Ke7
35.c5 Qd6f4
36.Bd4xf6 Rf8xf6
37.Kg2 f1Q
{ resign }
0-1

[Event "Match"]
[Site "www.echecsemail.com"]
[Date "2017.02.09"]
[Round "1"]
[White "Canario"]
[Black "Sonny1000"]
[WhiteElo "1800"]
[BlackElo "1280"]
[Result "1-0"]
[Round "1"]
1.e4 Nb8c6
2.Ng1f3 e5
3.Bf1c4 Qd8f6
4.Nb1c3 Qf6g6
5.Nf3h4 Qg6h6
6.Qd1f3 Nc6d4
7.Qf3xf7 Kd8
8.Qf7xf8 { resign }
1-0

[Event "Match"]
[Site "www.echecsemail.com"]
[Date "2017.02.09"]
[Round "1"]
[White "Cal"]
[Black "Lightning"]
[WhiteElo "1630"]
[BlackElo "1499"]
[Result "0-1"]
[Round "1"]
1.c4 Ng8f6
2.d4 e6
3.Nb1c3 Bf8b4
4.Bc1d2 O-O
5.a3 Bb4xc3
6.Bd2xc3 b6
7.h3 Bc8b7
8.Ng1f3 Nf6e4
9.e3 Ne4xc3
10.bxc3 f5
11.Bf1d3 Nb8c6
12.O-O Qd8f6
13.Qd1d2 Nc6a5
14.Nf3e5 d6
15.Ne5d7 Qf6g6
16.g3 Rf8d8
17.Nd7xb6 axb6
18.Kh2 Na5b3
19.Qd2e2 Nb3xa1
20.Rf1xa1 Bb7e4
21.f3 Be4xd3
22.Qe2xd3 Ra8a5
23.a4 Rd8a8
24.f4 Ra5xa4
25.Ra1g1 Ra4a2
26.Rg1g2 Ra2xg2
27.Kxg2 Ra8a2
28.Kf3 Qg6h5
29.g4 Qh5xh3

0-1

[Event "Match"]
[Site "www.echecsemail.com"]
[Date "2017.02.09"]
[Round "1"]
[White "Albertf"]
[Black "Cal"]
[WhiteElo "1770"]
[BlackElo "1650"]
[Result "0-1"]
[Round "1"]
1.e4 e5
2.Ng1f3 d6
3.Bf1c4 h6
4.Nb1c3 Ng8f6
5.d4 exd4
6.Nf3xd4 c5
7.Nd4f3 Bc8g4
8.e5 Qd8e7
9.O-O dxe5
10.Qd1d2 Nb8c6
11.Rf1e1 Bg4xf3
12.gxf3 Ra8d8
13.Qd2e3 Nc6d4
14.Kh1 Nd4xc2
{ resign }
0-1

[Event "Match"]
[Site "www.echecsemail.com"]
[Date "2017.02.09"]
[Round "1"]
[White "Cal"]
[Black "Bibbou"]
[WhiteElo "1640"]
[BlackElo "1699"]
[Result "1-0"]
[Round "1"]
1.c4 e5
2.e4 Ng8f6
3.d3 Nb8c6
4.a3 d6
5.h3 Bf8e7
6.Ng1f3 O-O
7.Bc1g5 h6
8.Bg5h4  { time }
1-0

[Event "Match"]
[Site "www.echecsemail.com"]
[Date "2017.02.09"]
[Round "1"]
[White "Aperturaf"]
[Black "Manolinex"]
[WhiteElo "2340"]
[BlackElo "2890"]
[Result "0-1"]
[Round "1"]
1.e4 c5
2.Ng1f3 d6
3.d4 cxd4
4.Qd1xd4 Nb8c6
5.Bf1b5 a6
6.Bb5xc6 bxc6
7.O-O e5
8.Qd4d3 Qd8c7
9.Nb1d2 Ng8f6
10.Nd2c4 Bc8e6
11.Rf1e1 Bf8e7
12.Bc1d2 O-O
13.Ra1d1 a5
14.Bd2c3 Nf6e8
15.a4 f6
16.Nc4e3 Rf8f7
17.b3 Be7f8
18.Bc3b2 Rf7d7
19.Bb2a3 Qc7b7
20.h3 Ne8c7
21.Qd3c3 d5
22.Ba3xf8 Kxf8
23.Qc3c5 Kg8
24.Nf3d2 h6
25.h4 Kh8
26.Ne3f5 Be6g8
27.Nd2f1 d4
28.Nf1d2 Nc7e6
29.Qc5a3 c5
30.Nd2c4 Kh7
31.f3 Qb7c6
32.Qa3c1 Ne6f4
33.Nc4b2 Ra8b8
34.g3 Nf4h5
35.Qc1d2 c4
36.Nb2xc4 Bg8xc4
37.bxc4 Rb8b2
38.Qd2d3 Qc6xa4
39.Rd1d2 Qa4b4
40.f4 a4
41.Re1a1 Rd7a7
42.Nf5xd4 Ra7d7
43.fxe5 fxe5
44.c3 Rb2xd2
45.Qd3xd2 Qb4xc4
{ resign }
0-1

[Event "Match"]
[Site "www.echecsemail.com"]
[Date "2017.02.09"]
[Round "1"]
[White "Micheles"]
[Black "Yoj"]
[WhiteElo "2600"]
[BlackElo "1809"]
[Result "1-0"]
[Round "1"]
1.d4 c5
2.d5 Qd8c7
3.c4 f6
4.Nb1c3 d6
5.e4 h5
6.Ng1e2 g5
7.h4 g4
8.Nc3b5 Qc7d7
9.Ne2f4 a6
10.Qd1a4 Nb8c6
11.dxc6 bxc6
12.Nb5c3 Ng8h6
13.Bf1e2  { time }
1-0

[Event "Tourn. n9162"]
[Site "www.chess-mail.com"]
[Date "2017.02.10"]
[Round "1"]
[White "Yoj"]
[Black "Picifarkinca"]
[WhiteElo "1749"]
[BlackElo "1630"]
[Result "0-1"]
[Round "1"]
1.Nb1c3 Ng8f6
2.d4 d5
3.Bc1f4 e6
4.Nc3b5 Nb8a6
5.c4 c6
6.Qd1a4 Bf8b4
7.Nb5c3 O-O
8.c5 Qd8a5
9.Qa4xa5 Bb4xa5
10.g3 Na6c7
11.a4 Bc8d7
12.Ra1b1 Nc7e8
13.Bf1g2 Ba5c7
14.Bf4d2 e5
15.dxe5 Bc7xe5
16.Ng1f3 Be5c7
17.O-O Nf6e4
18.Nc3xe4 dxe4
 { time }
0-1

[Event "Tourn. n9242"]
[Site "www.chess-mail.com"]
[Date "2017.02.10"]
[Round "1"]
[White "Actmy"]
[Black "Bojan"]
[WhiteElo "2290"]
[BlackElo "2030"]
[Result "1-0"]
[Round "1"]
1.d4 d5
2.Ng1f3 Ng8f6
3.c4 Bc8g4
4.Qd1b3 b6
5.Bc1g5 dxc4
6.Qb3xc4 Bg4xf3
7.gxf3 Qd8d6
8.e4 Nf6h5
9.Nb1c3 e5
10.d5 a6
11.O-O-O f6
12.Bg5e3 Bf8e7
13.Rh1g1 g6
14.Qc4a4 Kf7
15.Kb1 Nb8d7
16.Qa4c2 Nd7c5
17.Bf1h3 Nh5g7
18.Nc3e2 Nc5b7
19.f4 h6
20.fxe5 Qd6xe5
21.Be3d4 Qe5h5
22.Ne2f4 Qh5f3
23.e5 f5
24.e6 { resign }
1-0

[Event "Tourn. n9200"]
[Site "www.chess-mail.com"]
[Date "2017.02.10"]
[Round "1"]
[White "Nulladies"]
[Black "Albertf"]
[WhiteElo "1740"]
[BlackElo "1790"]
[Result "0-1"]
[Round "1"]
1.d4 d5
2.Bc1f4 e6
3.Ng1f3 Nb8d7
4.e3 c6
5.c4 dxc4
6.Bf1xc4 Ng8f6
7.O-O Bf8e7
8.Nf3e5 O-O
9.Nb1d2 a6
10.Qd1e2 Nf6d5
11.Bf4g3 f6
12.Ne5g4 h5
13.Ng4h6 gxh6
14.Qe2xh5 Rf8f7
15.Bc4d3 f5
16.Qh5xh6 Rf7h7
17.Qh6xe6 Rh7f7
18.Bd3xf5 Nd7f6
19.Qe6e4 Nf6xe4
20.Bf5xe4 Bc8e6
21.Bg3e5 Be7d6
22.Nd2c4 Bd6xe5
23.Nc4xe5 Rf7g7
24.Ra1c1 Be6h3
25.f4 Nd5xe3
26.Rf1f2 Qd8xd4
27.Be4f3 Ne3xg2
28.Ne5g4 Bh3xg4
29.Kxg2 Bg4h3
{ resign }
0-1

[Event "Tourn. n9054"]
[Site "www.chess-mail.com"]
[Date "2017.02.10"]
[Round "1"]
[White "Lachouette"]
[Black "Azulmarino"]
[WhiteElo "1489"]
[BlackElo "1580"]
[Result "1-0"]
[Round "1"]
1.Ng1f3 d5
2.e3 Bc8f5
3.d3 Ng8f6
4.Nb1c3 Nb8c6
5.Bf1e2 e6
6.Bc1d2 Nc6b4
7.Nc3b5 a6
8.Nb5d4 Nb4c6
9.Nd4xc6 bxc6
10.O-O Bf8d6
11.Nf3d4 c5
12.Nd4xf5 exf5
13.f4 O-O
14.g3 c6
15.Be2f3 Qd8d7
16.c3 c4
17.d4 a5
18.a3 a4
19.Qd1e1 Rf8e8
20.h3 Ra8b8
21.Bd2c1 c5
22.g4 Bd6xf4
23.Qe1f2 fxg4
24.exf4 gxf3
25.Qf2xf3 Re8e6
26.f5 Re6e8
27.Bc1g5 cxd4
28.Bg5xf6 d3
29.Bf6d4 Qd7e7
30.Qf3g3 f6
31.Ra1e1 Qe7f7
32.Qg3g2 Re8xe1
33.Rf1xe1 Qf7h5
34.Bd4xf6 g6
35.fxg6 hxg6
36.Re1e5 Qh5d1
37.Kh2 Qd1c2
38.Bf6g5 Qc2b1
39.Re5xd5 Rb8xb2
40.Bg5d2 Rb2b6
41.Rd5d8 Kg7
42.Rd8d7 Kf8
43.Qg2f3 Ke8
44.Qf3f7 { resign }
1-0

[Event "Tourn. n9157"]
[Site "www.chess-mail.com"]
[Date "2017.02.10"]
[Round "1"]
[White "Forest"]
[Black "Yoj"]
[WhiteElo "1760"]
[BlackElo "1809"]
[Result "1-0"]
[Round "1"]
1.e4 b6
2.d4 Bc8b7
3.d5 e6
4.c4 Bf8b4
5.Bc1d2 Bb4xd2
6.Nb1xd2 c6
7.dxc6 Nb8xc6
8.Ng1f3 Qd8f6
9.Qd1b3 Ng8e7
10.Bf1e2 O-O
11.O-O d6
12.a3 Rf8c8
13.Qb3c2  { time }
1-0

[Event "Tourn. n9214"]
[Site "www.chess-mail.com"]
[Date "2017.02.10"]
[Round "1"]
[White "Ff333"]
[Black "Norlavuaram"]
[WhiteElo "2100"]
[BlackElo "2180"]
[Result "1-0"]
[Round "1"]
1.e4 e5
2.Bf1c4 Ng8f6
3.Ng1f3 Nf6xe4
4.Nf3xe5 d5
5.Ne5xf7 Kxf7
6.Qd1h5 Kf6
7.Bc4xd5 Ne4d6
8.O-O Nb8c6
9.d4 h6
10.Bd5xc6 bxc6
11.Qh5h4 g5
12.Bc1xg5 hxg5
13.Qh4xh8 Kf7
14.Qh8h5 Kg8
15.Rf1e1 Bc8f5
16.c3 Qd8f6
17.Nb1d2 Bf5g6
18.Qh5e2 Ra8e8
19.Qe2a6 Re8xe1
20.Ra1xe1 Qf6f4
21.Nd2f3 g4
22.Nf3e5 Nd6e4
23.Qa6e2 Bf8d6
24.g3 Qf4f5
25.Ne5xg6 { resign }
1-0

[Event "Tourn. n9043"]
[Site "www.chess-mail.com"]
[Date "2017.02.10"]
[Round "1"]
[White "Stepanpech"]
[Black "Osopanda"]
[WhiteElo "2150"]
[BlackElo "2060"]
[Result "1-0"]
[Round "1"]
1.e4 c5
2.Ng1f3 d6
3.d4 cxd4
4.Nf3xd4 Ng8f6
5.Nb1c3 a6
6.Bc1e3 e5
7.Nd4b3 Bc8e6
8.f3 Nb8d7
9.Qd1d2 Bf8e7
10.g4 O-O
11.O-O-O Ra8c8
12.Kb1 Nd7b6
13.h4 Nf6d7
14.g5 Rc8xc3
15.Qd2xc3 d5
16.Be3xb6 Nd7xb6
17.Qc3xe5 Qd8d6
18.Qe5xd6 Be7xd6
19.Bf1h3 Be6xh3
20.Rh1xh3 Bd6f4
21.exd5 Rf8d8
22.c4 Nb6xc4
23.Rd1d4 { resign }
1-0

[Event "Tourn. n9101"]
[Site "www.chess-mail.com"]
[Date "2017.02.10"]
[Round "1"]
[White "Bira47"]
[Black "Ditto"]
[WhiteElo "2030"]
[BlackElo "1840"]
[Result "1-0"]
[Round "1"]
1.c4 e5
2.g3 Nb8c6
3.Bf1g2 Ng8f6
4.a3 Bf8c5
5.e3 O-O
6.b4 Bc5e7
7.Bc1b2 d6
8.h3 Qd8d7
9.Nb1c3 Nc6b8
10.Ng1e2 Qd7e6
11.d4 exd4
12.exd4 Nb8c6
13.d5 Qe6f5
14.O-O Nc6d8
15.Ne2d4 Qf5d7
16.Rf1e1 a6
17.Nc3e4 c6
18.Ne4xf6 Be7xf6
19.dxc6 bxc6
20.Ra1b1 Ra8b8
21.Qd1e2 Bf6e5
22.g4 Bc8b7
{ time. }
1-0

[Event "Tourn. n9072"]
[Site "www.chess-mail.com"]
[Date "2017.02.10"]
[Round "1"]
[White "Osopanda"]
[Black "Ozana"]
[WhiteElo "2030"]
[BlackElo "2010"]
[Result "0-1"]
[Round "1"]
1.Ng1f3 c5
2.d4 cxd4
3.Nf3xd4 Nb8c6
4.e4 g6
5.Bf1c4 Bf8g7
6.Bc1e3 Ng8f6
7.Nb1c3 O-O
8.f3 d6
9.O-O Nc6e5
10.Bc4b3 Bc8d7
11.Qd1d2 Qd8c7
12.Nc3d5 Nf6xd5
13.exd5 Ne5c4
14.Bb3xc4 Qc7xc4
15.c3 Qc4xd5
16.Rf1d1 Rf8e8
17.Be3h6 Bg7e5
18.Qd2e3 Be5f6
19.Rd1e1 Qd5h5
20.Bh6f4 e5
21.g4 Qh5h3
22.Bf4g3 exd4
23.Qe3xe8 Ra8xe8
24.Re1xe8 Bd7xe8
25.Ra1e1 Be8c6
{ resign }
0-1

[Event "Tourn. n9126"]
[Site "www.chess-mail.com"]
[Date "2017.02.10"]
[Round "1"]
[White "Hundegana"]
[Black "B0zata"]
[WhiteElo "2030"]
[BlackElo "2190"]
[Result "0-1"]
[Round "1"]
1.f4 d5
2.d4 Ng8f6
3.g3 h5
4.Nb1c3 c6
5.Bf1g2 h4
6.Ng1f3 hxg3
7.hxg3 Rh8xh1
8.Bg2xh1 Nb8d7
9.Bc1e3 Nf6g4
10.Be3g1 Qd8b6
11.b3 Nd7f6
12.Nf3g5 Qb6b4
13.Qd1d2 Bc8f5
14.a3 Qb4a5
15.b4 Qa5c7
16.Bh1f3 Nf6h5
17.Bf3xg4 Bf5xg4
18.Bg1f2 g6
19.Ng5f3 Bg4xf3
20.exf3 f5
21.Nc3e2 O-O-O
22.c3 e6
23.a4 a5
24.b5 c5
25.dxc5 Bf8xc5
26.Bf2xc5 Qc7xc5
27.Qd2d4 b6
28.Qd4xc5 bxc5
29.Kf2 Nh5f6
30.Ra1h1 Kc7
31.Rh1h6 Rd8g8
32.Ne2c1 c4
33.Nc1e2 Nf6d7
34.Ne2d4 Nd7c5
35.Rh6h7 Kd6
36.Ke3 Nc5xa4
37.Kd2 Na4c5
38.b6 Rg8b8
39.Rh7a7 Rb8xb6
40.Ra7xa5 Nc5b3
41.Nd4xb3 cxb3
42.Kc1 b2
43.Kb1 e5
44.fxe5 Kxe5
45.c4 Kd4
46.Ra5b5 Rb6xb5
47.cxb5 Kc5
48.Kxb2 Kxb5
49.Kc3 Kc5
50.Kd3 Kd6
51.Kd4 g5
52.f4 g4
53.Kc3 Kc5
54.Kd3 d4
55.Kd2 Kc4
56.Kc2 d3
57.Kd2 Kd4
58.Ke1 Ke3
59.Kd1 Kf3
60.Kd2 Kxg3
61.Kxd3 Kf2
62.Kd4 g3
63.Ke5 g2
64.Kxf5 g1Q
65.Kf6 Qg1g4
66.f5 Kf3
67.Ke5 Qg4f4
68.Ke6 Qf4e4
69.Kf6 Kf4
70.Kg6 Qe4xf5
71.Kg7 Ke5
72.Kg8 Kf6
73.Kh8 Kg6
74.Kg8 Qf5c8
{ resign }
0-1

[Event "Tourn. n9150"]
[Site "www.chess-mail.com"]
[Date "2017.02.10"]
[Round "1"]
[White "Yangqi"]
[Black "Sachpat"]
[WhiteElo "2710"]
[BlackElo "2580"]
[Result "1/2-1/2"]
[Round "1"]
1.e4 c5
2.Ng1f3 d6
3.d4 cxd4
4.Nf3xd4 Ng8f6
5.Nb1c3 a6
6.Bc1g5 e6
7.f4 Qd8b6
8.Qd1d2 Qb6xb2
9.Ra1b1 Qb2a3
10.e5 dxe5
11.fxe5 Nf6d7
12.Nc3e4 h6
13.Bg5h4 Qa3xa2
14.Rb1d1 Qa2d5
15.Qd2e3 Qd5xe5
16.Bf1e2 Bf8c5
17.Bh4g3 Bc5xd4
18.Rd1xd4 Qe5a5
19.Rd4d2 O-O
20.Bg3d6 Nb8c6
21.O-O Nd7e5
22.Rd2d1 Rf8d8
23.Rd1a1 Qa5d5
24.Ra1d1 Qd5a5
25.Rd1a1 Qa5d5
{ draw }
1/2-1/2

[Event "Match"]
[Site "www.echecsemail.com"]
[Date "2017.02.10"]
[Round "1"]
[White "Iko"]
[Black "Jobeye"]
[WhiteElo "1700"]
[BlackElo "1900"]
[Result "1-0"]
[Round "1"]
1.e4 c6
2.e5 Qd8c7
3.d4 d6
4.exd6 Qc7xd6
5.g3 Qd6d5
6.Nb1c3 Qd5xh1
7.Qd1h5 Qh1xg1
8.Bc1e3 Ng8f6
9.O-O-O Nf6xh5
10.Bf1h3 Qg1xd1
11.Nc3xd1 Bc8xh3
12.Nd1c3 e6
13.Nc3e4 h6
14.f3 Bf8b4
15.c3 Bb4e7
16.Ne4c5 b6
17.Nc5b3 Nb8d7
18.g4 Nh5f6
19.g5 hxg5
20.Be3xg5 Nf6d5
21.Bg5d2  { time }
1-0

[Event "Match"]
[Site "www.echecsemail.com"]
[Date "2017.02.10"]
[Round "1"]
[White "Fabos12"]
[Black "Krystek23"]
[WhiteElo "2030"]
[BlackElo "2360"]
[Result "0-1"]
[Round "1"]
1.d4 Ng8f6
2.c4 g6
3.Nb1c3 Bf8g7
4.Ng1f3 d6
5.Bc1f4 Nb8d7
6.e4 c6
7.Bf1d3 e5
8.dxe5 dxe5
9.Nf3xe5 Nf6h5
10.Ne5xd7 Nh5xf4
11.Nd7c5 Nf4xg2
12.Kf1 Ng2h4
13.h3 Qd8g5
14.Nc5b3 Bg7h6
15.Nc3e2 Qg5g2
{ resign }
0-1